000 00646nam a2200181 a 4500
001 000038793
005 20201002031355.0
008 130423s2013 dr 000 0 spa d
020 _a9789945007626
040 _aDO-SdBNP
_bspa
_cBNPHU
100 1 _aSosa, Emelin
_965098
245 1 0 _aRefresca tu alma :
_bpalabras de Dios para ti /
_cEmelin Sosa ; prólogo Johan Paulino.
260 _aSanto Domingo :
_b(s.n.),
_c2013.
300 _a108 p. ;
_c22 cm.
500 _aIncluye datos biográficos de la autora en la contracubierta
590 _aLa biblioteca posee 2 ejemplares autografíados por el autor
700 1 _aPaulino, Johan,
_epról.
_965099
999 _c38283
_d38283